LA FORMACION DE UN GOBERNANTE: LA SOCIALIZACION DE LOS LIDERES POLITICOS EN EL MEXICO POSREVOLUCIONARIO; TR. ROBERTO RAMON REYES MAZZONI

TRADUCCION DE: THE MAKING OF A GOVERNMENT: THE SOCIALIZATION OF POLITICAL LEADERS IN POST-REVOLUTIONARY

I tiakina i:
Ngā taipitopito rārangi puna kōrero
Kaituhi matua: Camp, Roderic Ai (autor)
Hōputu: Pukapuka
Ngā marau:
Ngā Tūtohu: Tāpirihia he Tūtohu
Kāore He Tūtohu, Me noho koe te mea tuatahi ki te tūtohu i tēnei pūkete!

MARC

LEADER 00000nam^a2200000^a^4500
001 000224609
005 20250521000000.0
009 20260310104055.604
020 |a 968-16-0850-X 
035 |a 043320 
037 |a Acervo Xavier Clavigero 
082 |a 324. 22  |b CAM 
100 |a Camp, Roderic Ai  |e (autor) 
245 1 3 |a LA FORMACION DE UN GOBERNANTE:  |b LA SOCIALIZACION DE LOS LIDERES POLITICOS EN EL MEXICO POSREVOLUCIONARIO; TR. ROBERTO RAMON REYES MAZZONI 
264 |a MEXICO :  |b FONDO DE CULTURA ECONOMICA,  |c 1981 
300 |a 276p. 
336 |a texto  |b txt  |2 rdacontenido 
337 |a sin mediación  |b n  |2 rdamedio 
338 |a volumen  |b nc  |2 rdasoporte 
520 |a TRADUCCION DE: THE MAKING OF A GOVERNMENT: THE SOCIALIZATION OF POLITICAL LEADERS IN POST-REVOLUTIONARY 
520 |a INCLUYE BIBLIOGRAFIA 
649 |a XX 
650 |a Políticos 
650 |a Reclutamiento Político 
650 |a Políticos Mexicanos 
910 |a Fondo General 
920 |a Impresos - Libros 
930 |a Colección General 
905 |a 101 
901 |a 043320  |b IT1  |c ACC  |i 043320  |u 20250521 
902 |a https://opac.biblio.iteso.mx/vufind/Record/000224609